| 000 -LEADER |
| fixed length control field |
00765nam a22002057a 4500 |
| 001 - CONTROL NUMBER |
| control field |
13214 |
| 003 - CONTROL NUMBER IDENTIFIER |
| control field |
BD-DhUAP |
| 005 - DATE AND TIME OF LATEST TRANSACTION |
| control field |
20200209113451.0 |
| 008 - FIXED-LENGTH DATA ELEMENTS--GENERAL INFORMATION |
| fixed length control field |
200206s2009 bg ||||| |||| 001 0 eng d |
| 020 ## - INTERNATIONAL STANDARD BOOK NUMBER |
| International Standard Book Number |
98484660117 |
| 040 ## - CATALOGING SOURCE |
| Original cataloging agency |
BD-DhUAP |
| Language of cataloging |
Eng |
| Transcribing agency |
BD-DhUAP |
| Modifying agency |
BD-DhUAP |
| 082 ## - DEWEY DECIMAL CLASSIFICATION NUMBER |
| Edition number |
23 |
| Classification number |
345.5492 MIA |
| 100 ## - MAIN ENTRY--PERSONAL NAME |
| Personal name |
Miah, Siddiqur Rahman. |
| 245 ## - TITLE STATEMENT |
| Title |
Law of arms and explosives : |
| Remainder of title |
The Arms Act, 1878, The Explosive Substances Act, 1908, The Explosives Act, 1884, The Arms Rules, 1924, The Explosives Rules, 1940, Bisphoraka Bidhimālā, 2004 / |
| Statement of responsibility, etc. |
Siddiqur Rahman Miah. |
| 250 ## - EDITION STATEMENT |
| Edition statement |
2nd ed. |
| 260 ## - PUBLICATION, DISTRIBUTION, ETC. |
| Place of publication, distribution, etc. |
Dhakla : |
| Name of publisher, distributor, etc. |
New warsi book corporation, |
| Date of publication, distribution, etc. |
c2006. |
| 300 ## - PHYSICAL DESCRIPTION |
| Extent |
444 pages ; |
| Dimensions |
23 cm. |
| 650 ## - SUBJECT ADDED ENTRY--TOPICAL TERM |
| Topical term or geographic name entry element |
Firearms |
| Form subdivision |
Law and legislation |
| Geographic subdivision |
Bangladesh. |
| 942 ## - ADDED ENTRY ELEMENTS (KOHA) |
| Source of classification or shelving scheme |
|
| Koha item type |
Book |